000
00323nam a22001457a 4500
003
SGT
020
_a
978-81-90938-53-2
082
_a
615.19
_b
C18K
100
_a
KAUR,JASWANT
245
_a
CHEMISTRY OF NATURAL PRODUCTS
260
_a
JALANDHAR
_b
S.VIKASH
_c
2018
300
_a
468
650
_a
PHARMACY
942
_2
ddc
_c
BK
_0
3
999
_c
17363
_d
17363